[Event "GER-chT Lands U20"]
[Site "Hannover"]
[Date "2023.10.03"]
[Round "5"]
[White "Loos, Tilda"]
[Black "Lanert, Theodor"]
[Result "0-1"]
[WhiteElo "1423"]
[BlackElo "1404"]
[PlyCount "126"]
[EventDate "2023.10.01"]
[EventType "team-swiss"]
[EventRounds "7"]
[EventCountry "GER"]
[SourceTitle "EXT 2024"]
[Source "ChessBase"]
[SourceDate "2023.10.10"]
[SourceVersion "1"]
[SourceVersionDate "2023.10.10"]
[SourceQuality "1"]

1. b3 Nf6 2. Bb2 g6 3. g3 Bg7 4. Bg2 0-0 5. c4 d6 6. d4 a5 7. Nc3 c6 8. e3 Na6 9. Nge2 Rb8 10. Rb1 Nc7 11. 0-0 Bd7 12. a4 d5 13. Ba3 b5 14. axb5 cxb5 15. Nxd5 Ncxd5 16. cxd5 Bf5 17. Rc1 b4 18. Bb2 Be4 19. Bxe4 Nxe4 20. Nf4 g5 21. Nd3 Qxd5 22. Nc5 Rbd8 23. Nxe4 Qxe4 24. Qc2 Qxc2 25. Rxc2 Rd5 26. Rfc1 f5 27. Rc5 Rfd8 28. Kf1 Kf7 29. Ke2 e6 30. Rc7+ R8d7 31. Rxd7+ Rxd7 32. Rc5 Rd5 33. Rxd5 exd5 34. h3 h5 35. f3 f4 36. gxf4 gxf4 37. exf4 Ke6 38. Kf2 h4 39. Ke3 Kf5 40. Kf2 Bh6 41. Ke2 Bxf4 42. Kd3 Bh2 43. Ke2 Kf4 44. Kf2 Bg3+ 45. Ke2 Bh2 46. Kf2 Bg1+ 47. Kg2 Be3 48. Ba1 Bd2 49. Bb2 Ke3 50. f4 Kxf4 51. Kf2 Be3+ 52. Ke2 Ke4 53. Ba1 Bxd4 54. Bxd4 Kxd4 55. Kd2 Ke4 56. Ke2 d4 57. Kd2 d3 58. Kd1 Ke3 59. Ke1 d2+ 60. Kd1 a4 61. bxa4 b3 62. a5 Kd3 63. a6 b2 0-1

[Event "GER-chT Lands U20"]
[Site "Hannover"]
[Date "2023.10.01"]
[Round "1"]
[White "Wilmink, Anna"]
[Black "Loos, Tilda"]
[Result "1-0"]
[WhiteElo "1724"]
[BlackElo "1423"]
[PlyCount "91"]
[EventDate "2023.10.01"]
[EventType "team-swiss"]
[EventRounds "7"]
[EventCountry "GER"]
[SourceTitle "EXT 2024"]
[Source "ChessBase"]
[SourceDate "2023.10.10"]
[SourceVersion "1"]
[SourceVersionDate "2023.10.10"]
[SourceQuality "1"]

1. e4 c5 2. Nf3 e6 3. d4 cxd4 4. Nxd4 a6 5. a3 b5 6. Nc3 Bb7 7. Be2 Qc7 8. Bf3 Nf6 9. 0-0 d6 10. g3 Nbd7 11. Bg2 Be7 12. Nb3 Rc8 13. Kh1 Ne5 14. f4 Nc4 15. Qe2 Rd8 16. Nd2 Nd7 17. Nxc4 Qxc4 18. Qxc4 bxc4 19. Be3 Rc8 20. Rab1 0-0 21. Rfd1 Rfd8 22. Na4 Rb8 23. b4 Nf6 24. Nc3 Ng4 25. Bg1 Rd7 26. h3 Nh6 27. Rd2 Rbd8 28. Rbd1 f6 29. Kh2 Nf7 30. Na4 d5 31. Nb6 c3 32. Rd3 Rd6 33. exd5 exd5 34. Nxd5 Bxd5 35. Bxd5 Kf8 36. Bc4 Rc8 37. Rxd6 Nxd6 38. Bxa6 Ra8 39. b5 Rb8 40. a4 Nc4 41. Rd3 Nb2 42. Rxc3 Nxa4 43. Rc8+ Rxc8 44. Bxc8 Ke8 45. b6 Bd6 46. Kg2 1-0

[Event "GER Cup Net Final-C U1600"]
[Site "Playchess.com INT"]
[Date "2020.06.06"]
[Round "12"]
[White "Burkart, Lloyd Shang"]
[Black "Loos, Tilda"]
[Result "1-0"]
[WhiteElo "1829"]
[BlackElo "1340"]
[PlyCount "123"]
[EventDate "2020.06.06"]
[EventType "swiss (blitz)"]
[EventRounds "13"]
[EventCountry "GER"]
[SourceTitle "CBM 197 Extra"]
[Source "ChessBase"]
[SourceDate "2020.09.30"]
[SourceVersion "1"]
[SourceVersionDate "2020.09.30"]
[SourceQuality "1"]

1. d4 d5 2. c4 e5 3. dxe5 d4 4. Nf3 Nc6 5. g3 Bg4 6. Bg2 Bxf3 7. Bxf3 Nxe5 8. Bxb7 Rb8 9. Bg2 Nxc4 10. Qa4+ Qd7 11. Bc6 Bb4+ 12. Kf1 Nb6 13. Bxd7+ Nxd7 14. Qxa7 Ngf6 15. Qxd4 0-0 16. Kg2 Bc5 17. Qd3 Ne5 18. Qc3 Ned7 19. Be3 Bd6 20. Rd1 Bb4 21. Qxc7 Rfc8 22. Rxd7 Nxd7 23. Qxd7 Rd8 24. Qa4 Bd6 25. Bd4 Bc7 26. Nd2 Ra8 27. Qc4 Rac8 28. Nf3 Be5 29. Qxc8 Rxc8 30. Bxe5 Re8 31. a4 h6 32. a5 Ra8 33. a6 Kf8 34. a7 Ke7 35. Bd4 Kd7 36. Rc1 Kd6 37. Rc3 Kd5 38. Rb3 Kc6 39. Rb8 Rxb8 40. axb8Q Kd5 41. Qg8 Ke6 42. Qxg7 Ke7 43. Bf6+ Ke8 44. Qg8+ Kd7 45. Qd8+ Kc6 46. Be5 Kb5 47. Qc7 Kb4 48. Bc3+ Kb5 49. Nd4+ Ka6 50. Qa5+ Kb7 51. Qb5+ Ka7 52. Ba5 Ka8 53. Bb6 Kb7 54. Qc6+ Ka6 55. Qxh6 Kb7 56. b4 f5 57. Qg7+ Kxb6 58. Qf6+ Kb7 59. Qc6+ Kb8 60. Nb5 f4 61. Qc7+ Ka8 62. Qa7# 1-0

[Event "GER Cup Net Final-C U1600"]
[Site "Playchess.com INT"]
[Date "2020.06.06"]
[Round "1"]
[White "Hausmann, Ulrich"]
[Black "Loos, Tilda"]
[Result "1-0"]
[WhiteElo "1510"]
[BlackElo "1340"]
[PlyCount "34"]
[EventDate "2020.06.06"]
[EventType "swiss (blitz)"]
[EventRounds "13"]
[EventCountry "GER"]
[SourceTitle "CBM 197 Extra"]
[Source "ChessBase"]
[SourceDate "2020.09.30"]
[SourceVersion "1"]
[SourceVersionDate "2020.09.30"]
[SourceQuality "1"]

1. f4 e6 2. Nf3 Nc6 3. e3 d5 4. d4 Nf6 5. c3 Be7 6. Bd3 0-0 7. 0-0 b6 8. Ne5 Nxe5 9. fxe5 Nd7 10. Qc2 h6 11. e4 Bb7 12. Qe2 c5 13. Qg4 Kh8 14. exd5 Bxd5 15. Qh5 cxd4 16. Bxh6 Kg8 17. Bxg7 Kxg7 1-0

[Event "GER Cup Net Final-C U1600"]
[Site "Playchess.com INT"]
[Date "2020.06.06"]
[Round "7"]
[White "Loos, Tilda"]
[Black "Kauschanski, Nicolas"]
[Result "1-0"]
[WhiteElo "1340"]
[BlackElo "1469"]
[PlyCount "87"]
[EventDate "2020.06.06"]
[EventType "swiss (blitz)"]
[EventRounds "13"]
[EventCountry "GER"]
[SourceTitle "CBM 197 Extra"]
[Source "ChessBase"]
[SourceDate "2020.09.30"]
[SourceVersion "1"]
[SourceVersionDate "2020.09.30"]
[SourceQuality "1"]

1. e4 e6 2. d4 d5 3. exd5 exd5 4. Nf3 c6 5. Be2 Nf6 6. Bg5 Bd6 7. 0-0 Be6 8. Nc3 Nbd7 9. Re1 0-0 10. Qd3 h6 11. Bh4 Qc7 12. Bd1 Qb6 13. Na4 Qa5 14. b3 Bg4 15. Rf1 Be6 16. c4 dxc4 17. bxc4 Qxa4 18. Bxa4 Nb6 19. Bc2 Bxc4 20. Qd2 Bxf1 21. Rxf1 Nbd5 22. Bb3 Bf4 23. Qd3 Nb4 24. Qd1 Nbd5 25. Bxd5 Nxd5 26. Ne5 Nc3 27. Qf3 Nd5 28. Qg4 f6 29. Ng6 Rf7 30. Nxf4 Nxf4 31. Qxf4 Rd8 32. h3 Rfd7 33. Rd1 c5 34. Qg3 g5 35. Bxg5 hxg5 36. Qg4 cxd4 37. Qh5 Kg7 38. Re1 d3 39. a4 d2 40. Rd1 Rc7 41. a5 Rc1 42. Kh2 Rxd1 43. Qxd1 Kg6 44. Qc2+ 1-0

[Event "GER Cup Net Final-C U1600"]
[Site "Playchess.com INT"]
[Date "2020.06.06"]
[Round "3"]
[White "Loos, Tilda"]
[Black "Lang, Dirk"]
[Result "1-0"]
[WhiteElo "1340"]
[BlackElo "1251"]
[PlyCount "79"]
[EventDate "2020.06.06"]
[EventType "swiss (blitz)"]
[EventRounds "13"]
[EventCountry "GER"]
[SourceTitle "CBM 197 Extra"]
[Source "ChessBase"]
[SourceDate "2020.09.30"]
[SourceVersion "1"]
[SourceVersionDate "2020.09.30"]
[SourceQuality "1"]

1. e4 e6 2. d4 d5 3. exd5 exd5 4. Nf3 Nf6 5. Nc3 Bb4 6. Bd2 0-0 7. a3 Re8+ 8. Be2 Bd6 9. 0-0 Bf5 10. Bg5 h6 11. Bxf6 Qxf6 12. Nxd5 Qe6 13. Nc3 Qg6 14. Nh4 Qf6 15. Nxf5 Qxf5 16. Bg4 Qf6 17. Re1 Nc6 18. Nd5 Qxd4 19. Qxd4 Nxd4 20. h3 Rxe1+ 21. Rxe1 Nxc2 22. Re2 Nd4 23. Rd2 Nc6 24. Bd7 Rd8 25. Bg4 Re8 26. Rd1 Re5 27. Ne3 g6 28. Nc4 Re4 29. Nxd6 cxd6 30. Rxd6 Re2 31. Bxe2 Kg7 32. Rd7 Na5 33. b4 Nb3 34. Bc4 Nc1 35. Rxf7+ Kh8 36. Rxb7 a6 37. b5 h5 38. bxa6 Nd3 39. a7 Nc5 40. a8Q# 1-0

[Event "GER Cup Net Final-C U1600"]
[Site "Playchess.com INT"]
[Date "2020.06.06"]
[Round "4"]
[White "Ruddat, Jarne"]
[Black "Loos, Tilda"]
[Result "1-0"]
[WhiteElo "1586"]
[BlackElo "1340"]
[PlyCount "123"]
[EventDate "2020.06.06"]
[EventType "swiss (blitz)"]
[EventRounds "13"]
[EventCountry "GER"]
[SourceTitle "CBM 197 Extra"]
[Source "ChessBase"]
[SourceDate "2020.09.30"]
[SourceVersion "1"]
[SourceVersionDate "2020.09.30"]
[SourceQuality "1"]

1. e4 c5 2. Nc3 e6 3. Nge2 Nc6 4. g3 Nf6 5. Bg2 Be7 6. d4 cxd4 7. Nxd4 0-0 8. 0-0 h6 9. Bf4 e5 10. Nxc6 bxc6 11. Bxe5 Ba6 12. Re1 d6 13. Bf4 Qb6 14. Na4 Qb5 15. b3 Rad8 16. Bf1 Qb7 17. Bxa6 Qxa6 18. Qe2 Qb7 19. e5 Nd5 20. exd6 Bxd6 21. Bxd6 Rxd6 22. Qe5 Re6 23. Qd4 Rfe8 24. Rxe6 Rxe6 25. Nc5 Qe7 26. Nxe6 Qxe6 27. Qxa7 Nc3 28. Qe3 Qf6 29. Re1 Nxa2 30. Qd3 g6 31. Re8+ Kg7 32. Qd8 Qxd8 33. Rxd8 Nc3 34. Rc8 Ne2+ 35. Kf1 Nd4 36. f4 h5 37. Kf2 Nf5 38. Rxc6 Ne7 39. Ra6 Nd5 40. c4 Nc3 41. c5 Ne4+ 42. Ke3 Nxc5 43. Rb6 Nd7 44. Rc6 Nf6 45. Rxf6 Kxf6 46. b4 Ke6 47. Ke4 Kd6 48. b5 Kc5 49. Ke5 Kxb5 50. Kf6 Kc4 51. Kxf7 Kd4 52. Kxg6 Ke4 53. Kxh5 Kf3 54. f5 Kg2 55. f6 Kxh2 56. f7 Kxg3 57. f8Q Kg2 58. Qa3 Kh2 59. Kg4 Kg2 60. Qa2+ Kf1 61. Kf3 Ke1 62. Qe2# 1-0

[Event "GER Cup Net V4 U1600"]
[Site "Playchess.com INT"]
[Date "2020.05.31"]
[Round "2"]
[White "Loos, Tilda"]
[Black "Hierl, Johannes"]
[Result "0-1"]
[WhiteElo "1269"]
[BlackElo "1520"]
[PlyCount "62"]
[EventDate "2020.05.31"]
[EventType "swiss (blitz)"]
[EventRounds "9"]
[EventCountry "GER"]
[SourceTitle "EXT 2021"]
[Source "ChessBase"]
[SourceDate "2020.10.23"]
[SourceVersion "1"]
[SourceVersionDate "2020.10.23"]
[SourceQuality "1"]

1. e4 e5 2. Nf3 d5 3. Nxe5 Bd6 4. Nf3 dxe4 5. Qe2 Nf6 6. Nd4 0-0 7. d3 Bg4 8. f3 exf3 9. Nxf3 Re8 10. Ne5 Bxe2 11. Bxe2 Rxe5 12. 0-0 Rxe2 13. Bg5 Nc6 14. Nc3 Re8 15. Nd5 Be7 16. Nc3 h6 17. Bh4 Nd5 18. Nxd5 Qxd5 19. Bg3 Bc5+ 20. Kh1 Nd4 21. Bxc7 Ne2 22. Rae1 Nd4 23. Bg3 Nxc2 24. Rc1 Re2 25. Rf3 Rae8 26. Rcf1 Ne1 27. h3 Nxf3 28. Rxf3 Qxf3 29. gxf3 Rxb2 30. Bh2 Re1+ 31. Bg1 Rxg1# 0-1

[Event "GER Cup Net V4 U1600"]
[Site "Playchess.com INT"]
[Date "2020.05.31"]
[Round "4"]
[White "Wagner, Jochen"]
[Black "Loos, Tilda"]
[Result "0-1"]
[WhiteElo "1411"]
[BlackElo "1269"]
[PlyCount "114"]
[EventDate "2020.05.31"]
[EventType "swiss (blitz)"]
[EventRounds "9"]
[EventCountry "GER"]
[SourceTitle "EXT 2021"]
[Source "ChessBase"]
[SourceDate "2020.10.23"]
[SourceVersion "1"]
[SourceVersionDate "2020.10.23"]
[SourceQuality "1"]

1. d4 d5 2. c4 e5 3. e3 exd4 4. exd4 Nc6 5. Nf3 Bg4 6. c5 Bxf3 7. Qxf3 Nxd4 8. Qe3+ Ne6 9. Be2 Nf6 10. 0-0 Bxc5 11. Qb3 b6 12. Bg5 Be7 13. Qa4+ Nd7 14. Bxe7 Qxe7 15. Bb5 Rd8 16. Nc3 0-0 17. Nxd5 Qg5 18. Ne3 Ndc5 19. Qg4 Qxg4 20. Nxg4 a6 21. Bc4 b5 22. Bxe6 Nxe6 23. g3 Nd4 24. b3 Ne2+ 25. Kh1 Nc3 26. Rfc1 Ne4 27. Kg2 Rd2 28. Rxc7 Rfd8 29. Ra7 h6 30. Rxa6 Nc3 31. Ra7 Re8 32. Ne3 Ne4 33. Rf1 Nc3 34. Ra3 Rxe3 35. b4 Rc2 36. Kh3 Re8 37. Ra7 Nxa2 38. Ra1 Nxb4 39. Rb1 Nc6 40. Rb7 b4 41. Rb6 Kh7 42. Rxc6 Rxc6 43. Rxb4 Re2 44. Rf4 f6 45. Kg4 Rc5 46. Kf3 Rec2 47. h4 R5c3+ 48. Kg4 Rc5 49. Kf3 R2c3+ 50. Kg4 h5+ 51. Kh3 g5 52. hxg5 fxg5 53. Rf7+ Kg6 54. Rd7 Rf5 55. Rd6+ Rf6 56. Rd5 g4+ 57. Kg2 Rc2 0-1

[Event "GER Cup Net V1 U1600"]
[Site "Playchess.com INT"]
[Date "2020.05.19"]
[Round "1"]
[White "Ruddat, Jarne"]
[Black "Loos, Tilda"]
[Result "1-0"]
[WhiteElo "1514"]
[BlackElo "1149"]
[PlyCount "119"]
[EventDate "2020.05.19"]
[EventType "swiss (blitz)"]
[EventRounds "9"]
[EventCountry "GER"]
[SourceTitle "EXT 2021"]
[Source "ChessBase"]
[SourceDate "2020.10.23"]
[SourceVersion "1"]
[SourceVersionDate "2020.10.23"]
[SourceQuality "1"]

1. e4 c5 2. Nc3 e6 3. Nge2 Nc6 4. g3 Nf6 5. Bg2 Be7 6. 0-0 0-0 7. d3 h6 8. Bf4 d6 9. Qd2 e5 10. Be3 Ng4 11. h3 Nxe3 12. Qxe3 Be6 13. f4 exf4 14. Nxf4 Bd7 15. Nfd5 Nd4 16. Rf2 Bg5 17. Qe1 Re8 18. h4 Be7 19. Nxe7+ Qxe7 20. Nd5 Qd8 21. c3 Nc6 22. Qd2 Be6 23. Raf1 Bxd5 24. exd5 Ne5 25. d4 cxd4 26. cxd4 Nc4 27. Qd3 Ne3 28. Re1 Nxg2 29. Rxe8+ Qxe8 30. Kxg2 a5 31. Qf5 b5 32. g4 a4 33. g5 hxg5 34. hxg5 g6 35. Qg4 b4 36. Kf3 a3 37. b3 Rc8 38. Rh2 Rc3+ 39. Kg2 Rc2+ 40. Kh3 Rg2 41. Qxg2 Qe3+ 42. Qg3 Qe8 43. Qxd6 Qc8+ 44. Kg3 Qc3+ 45. Kf4 Qc1+ 46. Ke5 Qxg5+ 47. Ke4 Qf5+ 48. Ke3 Qg5+ 49. Qf4 Qg1+ 50. Qf2 Qg5+ 51. Ke2 Qxd5 52. Qh4 Qb5+ 53. Kd2 Kf8 54. Qh8+ Ke7 55. Re2+ Kd7 56. Qe8+ Kc7 57. Qxb5 Kd6 58. Qc5+ Kd7 59. Re7+ Kd8 60. Qc7# 1-0

[Event "GER-ch Net Amateur Gr-C Vor3"]
[Site "Playchess.com INT"]
[Date "2020.04.16"]
[Round "5"]
[White "Loos, Tilda"]
[Black "Klees, Robert"]
[Result "1-0"]
[WhiteElo "1322"]
[BlackElo "1148"]
[PlyCount "37"]
[EventDate "2020.04.16"]
[EventType "swiss (blitz)"]
[EventRounds "9"]
[EventCountry "GER"]
[SourceTitle "CBM 195 Extra"]
[Source "ChessBase"]
[SourceDate "2020.05.31"]
[SourceVersion "1"]
[SourceVersionDate "2020.05.31"]
[SourceQuality "1"]

1. e4 e5 2. Nf3 Nc6 3. Bc4 Bc5 4. c3 a6 5. d4 exd4 6. cxd4 Ba7 7. Ng5 Nxd4 8. Nxf7 Qe7 9. Nxh8 Qxe4+ 10. Be2 Nf6 11. Nc3 Nc2+ 12. Kf1 Nxa1 13. Nxe4 Nxe4 14. Bh5+ g6 15. Nxg6 hxg6 16. Bxg6+ Kf8 17. Qf3+ Kg7 18. Qf7+ Kh8 19. Qh7# 1-0

[Event "GER-ch Net Amateur Gr-C Vor1"]
[Site "Playchess.com INT"]
[Date "2020.04.14"]
[Round "9"]
[White "Loos, Tilda"]
[Black "Grunwald, Guenther"]
[Result "1/2-1/2"]
[WhiteElo "1303"]
[BlackElo "1620"]
[PlyCount "65"]
[EventDate "2020.04.14"]
[EventType "swiss (blitz)"]
[EventRounds "9"]
[EventCountry "GER"]
[SourceTitle "CBM 196 Extra"]
[Source "ChessBase"]
[SourceDate "2020.07.31"]
[SourceVersion "1"]
[SourceVersionDate "2020.07.31"]
[SourceQuality "1"]

1. e4 e5 2. Nf3 Nc6 3. Bc4 Be7 4. c3 Nf6 5. d4 0-0 6. Bg5 d6 7. 0-0 Nxe4 8. Bxe7 Qxe7 9. Bd3 Nf6 10. Qc2 Bg4 11. Ng5 e4 12. Nxe4 Nxe4 13. Bxe4 f5 14. Bxc6 bxc6 15. h3 Bh5 16. Nd2 Bg6 17. Rfe1 Qf6 18. Nb3 f4 19. Qd2 f3 20. Na5 fxg2 21. Nxc6 Qf3 22. Ne7+ Kh8 23. Nxg6+ hxg6 24. Re3 Qh5 25. Rae1 Rf3 26. Re8+ Rxe8 27. Rxe8+ Kh7 28. Kxg2 Qxh3+ 29. Kg1 Qg4+ 30. Kf1 Qh3+ 31. Kg1 Qg4+ 32. Kf1 Qh3+ 33. Kg1 1/2-1/2

[Event "GER-ch Net Amateur Gr-C Vor1"]
[Site "Playchess.com INT"]
[Date "2020.04.14"]
[Round "5"]
[White "Loos, Tilda"]
[Black "Habinski, David"]
[Result "1-0"]
[WhiteElo "1261"]
[BlackElo "1620"]
[PlyCount "149"]
[EventDate "2020.04.14"]
[EventType "swiss (blitz)"]
[EventRounds "9"]
[EventCountry "GER"]
[SourceTitle "CBM 196 Extra"]
[Source "ChessBase"]
[SourceDate "2020.07.31"]
[SourceVersion "1"]
[SourceVersionDate "2020.07.31"]
[SourceQuality "1"]

1. e4 d5 2. exd5 Qxd5 3. Nc3 Qd8 4. Nf3 Nf6 5. d4 e6 6. Bd3 Be7 7. Bg5 0-0 8. 0-0 h6 9. Bh4 Nc6 10. Re1 b6 11. Bxf6 Bxf6 12. d5 exd5 13. Bb5 Bb7 14. Nxd5 Bxb2 15. Rb1 Bf6 16. Nxf6+ Qxf6 17. Bxc6 Bxc6 18. Ne5 Rfe8 19. Nxc6 Qxc6 20. Rxe8+ Rxe8 21. Qd3 Qe6 22. h3 Qxa2 23. Rd1 Qe6 24. c4 Kf8 25. Qa3+ Qe7 26. Qxa7 Qc5 27. Qa4 c6 28. Qc2 b5 29. Qh7 Qxc4 30. Qh8+ Ke7 31. Re1+ Kf6 32. Qxe8 Qd5 33. Qe3 b4 34. Qf3+ Qxf3 35. gxf3 b3 36. Rb1 Ke5 37. Rxb3 Kd4 38. Kf1 Kc4 39. Re3 c5 40. Ke2 Kb4 41. Kd2 c4 42. Kc2 g5 43. Kd2 f5 44. Re5 f4 45. Re6 h5 46. Rh6 c3+ 47. Kc2 h4 48. Rb6+ Kc5 49. Rb3 Kd5 50. Rxc3 Kd4 51. Rd3+ Ke5 52. Kd2 Kf5 53. Ke2 Ke5 54. Kf1 Kf5 55. Kg2 Ke5 56. Rd2 Kf5 57. Kg1 Kf6 58. Rd6+ Ke5 59. Rd1 Kf5 60. Re1 Kf6 61. Kh2 Kf5 62. Ra1 Kf6 63. Ra5 Kg6 64. Kg1 Kf6 65. Kf1 Kg6 66. Ke2 Kf6 67. Kd3 Kg6 68. Ke4 Kh5 69. Ke5 Kg6 70. Ke6 Kh6 71. Kf6 Kh5 72. Rxg5+ Kh6 73. Rg6+ Kh5 74. Rg8 Kh6 75. Rh8# 1-0

[Event "GER-ch Net Amateur Gr-C Vor1"]
[Site "Playchess.com INT"]
[Date "2020.04.14"]
[Round "4"]
[White "Loos, Tilda"]
[Black "Rest, Philipp"]
[Result "1-0"]
[WhiteElo "1233"]
[BlackElo "1620"]
[PlyCount "79"]
[EventDate "2020.04.14"]
[EventType "swiss (blitz)"]
[EventRounds "9"]
[EventCountry "GER"]
[SourceTitle "CBM 196 Extra"]
[Source "ChessBase"]
[SourceDate "2020.07.31"]
[SourceVersion "1"]
[SourceVersionDate "2020.07.31"]
[SourceQuality "1"]

1. e4 c5 2. Nf3 g6 3. d4 cxd4 4. Nxd4 Bg7 5. Nc3 Nc6 6. Nxc6 bxc6 7. Bf4 Nf6 8. Bc4 0-0 9. 0-0 e6 10. Bg5 d5 11. e5 h6 12. Bxf6 Bxf6 13. exf6 Qxf6 14. Be2 c5 15. Na4 c4 16. Nc5 Qe7 17. Na4 Bd7 18. Nc3 Rab8 19. Rb1 Qd6 20. Qd2 h5 21. Qg5 d4 22. Ne4 Qc6 23. Nf6+ Kg7 24. Bxh5 Bc8 25. Bf3 Qd6 26. Nh5+ Kg8 27. Qf6 Kh7 28. Be4 Kh6 29. Ng7 Rh8 30. c3 Kh7 31. Qxf7 Rb7 32. Bxb7 Bxb7 33. Qxb7 Rg8 34. cxd4 Rxg7 35. Qf3 Qxd4 36. Rbd1 Qe5 37. Qh3+ Kg8 38. Rd8+ Kf7 39. Qf3+ Ke7 40. Qf8# 1-0

[Event "GER-ch Net Amateur Gr-C Vor1"]
[Site "Playchess.com INT"]
[Date "2020.04.14"]
[Round "1"]
[White "Loos, Tilda"]
[Black "Schell, Andreas"]
[Result "0-1"]
[WhiteElo "1209"]
[BlackElo "1620"]
[PlyCount "104"]
[EventDate "2020.04.14"]
[EventType "swiss (blitz)"]
[EventRounds "9"]
[EventCountry "GER"]
[SourceTitle "CBM 196 Extra"]
[Source "ChessBase"]
[SourceDate "2020.07.31"]
[SourceVersion "1"]
[SourceVersionDate "2020.07.31"]
[SourceQuality "1"]

1. e4 e5 2. Nf3 Nc6 3. Bc4 h6 4. c3 Nf6 5. d4 exd4 6. cxd4 Nxe4 7. 0-0 Nf6 8. Re1+ Be7 9. Nc3 0-0 10. Qd3 a6 11. Bf4 b5 12. Bb3 Bb7 13. d5 Na5 14. Be5 d6 15. Bxf6 Bxf6 16. Bc2 g6 17. Qe3 Bg7 18. b4 Nc4 19. Qd3 Nb2 20. Qd2 Nc4 21. Qf4 Bxc3 22. Qxh6 Bg7 23. Qh3 Bxd5 24. Nh4 Be6 25. Qg3 Be5 26. Qd3 Qxh4 27. g3 Qh5 28. Rad1 Bf5 29. Qb3 Bxc2 30. Qxc2 Rfe8 31. Rc1 Bb2 32. Rxe8+ Rxe8 33. Rf1 Be5 34. Qe4 Nd2 35. Qe1 Nxf1 36. Qxf1 Bc3 37. Qc1 Qe5 38. Qh6 Qh5 39. Qc1 Re1+ 40. Qxe1 Bxe1 41. Kg2 Bxb4 42. Kg1 Ba3 43. Kg2 Qe2 44. Kg1 Qxa2 45. Kg2 c5 46. Kg1 c4 47. Kg2 c3 48. h4 c2 49. Kh3 c1Q 50. Kg4 Qd1+ 51. f3 Qc4+ 52. Kh3 Qh1# 0-1

[Event "GER-ch U10 Girls"]
[Site "Willingen"]
[Date "2018.05.21"]
[Round "4"]
[White "Peglau, Charis"]
[Black "Loos, Tilda"]
[Result "1-0"]
[WhiteElo "1450"]
[BlackElo "1091"]
[PlyCount "111"]
[EventDate "2018.05.19"]
[EventType "swiss"]
[EventRounds "11"]
[EventCountry "GER"]
[SourceTitle "CBM 184 Extra"]
[Source "ChessBase"]
[SourceDate "2018.06.28"]
[SourceVersion "1"]
[SourceVersionDate "2018.06.28"]
[SourceQuality "1"]

1. e4 c5 2. Nf3 e6 3. Nc3 Nc6 4. Bc4 Nf6 5. 0-0 Be7 6. d4 0-0 7. Re1 Re8 8. Bg5 h6 9. Bh4 d5 10. exd5 exd5 11. Bxf6 Bxf6 12. Rxe8+ Qxe8 13. Nxd5 Qd8 14. Nxf6+ Qxf6 15. c3 cxd4 16. Nxd4 Nxd4 17. Qxd4 Qxd4 18. cxd4 b6 19. Bd5 Rb8 20. Re1 Bb7 21. Bxb7 Rxb7 22. Kf1 Rd7 23. Rd1 Rd5 24. Ke2 Rb5 25. b3 a5 26. Ke3 g5 27. f4 f6 28. g4 gxf4+ 29. Kxf4 Kg7 30. d5 Kf7 31. Kf5 Rc5 32. Rd2 b5 33. Ke4 Ke7 34. Kf5 a4 35. bxa4 bxa4 36. Kg6 Kd6 37. Rd4 Rxd5 38. Rxa4 Rg5+ 39. Kxf6 Re5 40. Rd4+ Rd5 41. Rxd5+ Kxd5 42. Kg6 Ke5 43. Kxh6 Kf4 44. g5 Kf5 45. g6 Kf6 46. g7 Kf7 47. Kh7 Kf6 48. g8Q Ke5 49. Qd8 Kf4 50. Kg6 Kf3 51. Kf5 Kg2 52. Qd3 Kxh2 53. Kf4 Kg2 54. Qe2+ Kg1 55. Kg3 Kh1 56. Qh2# 1-0